|
|
|
|
| LEADER |
00000nab#a22000007a#4500 |
| 001 |
arbauad030011 |
| 003 |
AR-BaUAD |
| 005 |
20250711112444.0 |
| 008 |
980216|||||||||###||||||b###|0###a|spa|| |
| 040 |
|
|
|a AR-BaUAD
|c AR-BaUAD
|b spa
|
| 100 |
|
|
|a Imperiali, Arja Luukela
|
| 245 |
|
|
|a University of Art and Design Helsinki /
|c Arja Luukela Imperiali;
|
| 300 |
0 |
|
|b fot.
|
| 653 |
|
|
|a FINLANDIA
|
| 653 |
|
|
|a HELSINKI
|
| 653 |
|
|
|a UNIVERSIDADES
|
| 653 |
|
|
|a UNIVERSIDAD DE HELSINKI
|
| 653 |
|
|
|a ESCUELAS DE ARTE
|
| 653 |
|
|
|a ESCUELAS DE DISEÑO
|
| 653 |
|
|
|a SOTAMAA, YRJÖ
|
| 653 |
|
|
|a VERWIJNEN, JAN
|
| 653 |
|
|
|a NIKKANEN, RAIMO
|
| 653 |
|
|
|a TAMMINEN, SATU
|
| 653 |
|
|
|a YLI VIKARI, TAPIO
|
| 653 |
|
|
|a PEDAGOGIA
|
| 653 |
|
|
|a METODOLOGIA
|
| 653 |
|
|
|a DISEÑO DE INTERIORES
|
| 653 |
|
|
|a MODA
|
| 653 |
|
|
|a DISEÑO DE INDUMENTARIA
|
| 653 |
|
|
|a CERAMICA
|
| 653 |
|
|
|a DISEÑO INDUSTRIAL
|
| 773 |
0 |
|
|t INTERNI
|g no. 446 [dic. 1994], p. 193-200
|
| 942 |
|
|
|c ARTI
|
| 952 |
|
|
|0 0
|1 0
|4 0
|7 0
|9 74930
|a AR-BAuAD
|b AR-BAuAD
|d 2025-07-11
|l 0
|p AAQA030011
|r 2025-07-11 11:24:44
|w 2025-07-11
|y ARTI
|
| 990 |
|
|
|a AQ199
|b TD
|
| 990 |
|
|
|a DT199
|b TD
|
| 990 |
|
|
|a DI199
|b TD
|
| 990 |
|
|
|a A199
|b TD
|
| 998 |
|
|
|a AAQ
|b BIBUN76
|
| 999 |
|
|
|c 54603
|d 54603
|